[Event "CZE-ch Open 2018"]
[Site "Ostrava"]
[Date "2018.05.06"]
[Round "9"]
[White "Mikes, Jan"]
[Black "Velicka, Petr"]
[Result "0-1"]
[WhiteElo "2321"]
[BlackElo "2412"]
[Annotator "TA"]
[PlyCount "80"]
[EventDate "2018.??.??"]
[EventCountry "CZE"]
[SourceTitle "playchess.com"]
[Source "ChessBase"]
[SourceQuality "1"]

{[%evp 9,80,22,35,-25,0,-53,-40,-50,-41,-127,-119,-129,-112,-105,-129,-196,-128,-160,-151,-140,-132,-187,-195,-187,-195,-202,-215,-216,-159,-152,-151,-160,-118,-309,-328,-489,-495,-459,-515,-564,-463,-432,-455,-454,-453,-450,-452,-460,-457,-459,-457,-453,-450,-449,-449,-445,-440,-437,-434,-441,-443,-477,-476,-527,-527,-537,-537,-543,-541,-596,-577,-710,-702]} 1. e4 c6 2. d4 d5 3. e5 Bf5 4. h4 Qb6 5. g4 (5. Nc3 h5 6. Na4 Qa5+ 7. c3 e6 8. Nf3 Nd7 9. b4 Qc7 10. Bd3 Bg4 11. Bd2 Ne7 12. Qc2 Bxf3 13. gxf3 g6 {0-1 (40) Onischuk,V (2637)-Pantsulaia,L (2612) Riadh 2017}) 5... Bd7 (5... Be4 $2 6. f3 $18) 6. h5 {B12: Caro-Kann: Advance Variation} (6. Nc3 $14) 6... e6 $11 7. a4 ({White should try} 7. Nf3 $11) 7... c5 $15 8. a5 $146 {Black is slightly better.} ({Predecessor:} 8. Nd2 Nc6 9. Ngf3 Nh6 10. Rg1 cxd4 11. Nb3 Bb4+ 12. Bd2 Rc8 13. Bb5 a6 14. Bxc6 bxc6 15. Nfxd4 Bxd2+ 16. Qxd2 c5 17. g5 Ng8 18. Nf3 Ne7 {½-½ (18) Ballas,K (1913)-Megalios,K (1864) Kallithea 2010}) 8... Qc7 9. Be3 (9. c3 $15) 9... cxd4 $1 $17 10. Bxd4 Nc6 11. Nc3 Bb4 12. a6 (12. Nf3 $17) 12... Nge7 (12... bxa6 $19 13. Bxa6 Nxd4 14. Qxd4 Rb8) 13. axb7 Qxb7 14. Ba6 Qc7 15. Kf1 (15. Nf3 $17) 15... Nxd4 $19 ({But not} 15... Nxe5 16. h6 $17) 16. Qxd4 Nc6 17. Nb5 {[#]} Qb8 $1 (17... Qxe5 18. Qxe5 Nxe5 19. Nc7+ Ke7 20. Nxa8 $11) 18. Qf4 Be7 ({Worse is} 18... Qxe5 19. Nc7+ Ke7 20. Qxe5 $11) 19. Nf3 O-O 20. h6 {Hoping for hxg7.} g6 {aiming for ...Nb4.} 21. c4 $2 {[#]} (21. Nbd4 $17) 21... f6 $1 {[%cal Bf7f6,Bf6e5][%mdl 32]} 22. cxd5 (22. Nbd4 {was called for.} Qxb2 23. Nxc6 Bxc6 24. Qd4) 22... fxe5 {Black is clearly winning.} 23. Qe3 exd5 24. Rc1 Nb4 25. Nc7 Nxa6 26. Qxe5 {[%csl Gh6][%cal Re5g7]} Rf7 27. Nxa8 Qxa8 28. Rh3 Nc5 ({Don't do} 28... Bxg4 29. Rg3 $19) 29. Ng5 Bxg5 30. Rxc5 Bxg4 31. Rb3 Bf4 32. Qxd5 Qxd5 33. Rxd5 {Now Rd8+ and White clings on.} Bxh6 34. Ra5 Bf8 35. Rb8 Bf3 36. Rb3 Kg7 37. Rab5 h5 38. Re3 Bd6 39. Kg1 Bc7 40. Re6 Bg4 {Precision: White = 18%, Black = 95%.} 0-1

[Event "CZE-ch Open 2018"]
[Site "Ostrava"]
[Date "2018.05.06"]
[Round "9"]
[White "Nedela, Vlastimil"]
[Black "Vybiral, Zdenek"]
[Result "1/2-1/2"]
[WhiteElo "2307"]
[BlackElo "2261"]
[Annotator "TA"]
[PlyCount "36"]
[EventDate "2018.??.??"]
[EventCountry "CZE"]
[SourceTitle "playchess.com"]
[Source "ChessBase"]
[SourceQuality "1"]

{[%evp 15,16,-12,-7]} 1. e4 c5 2. Nc3 Nc6 3. g3 g6 4. Bg2 Bg7 5. d3 d6 6. f4 e6 7. Nf3 Nge7 8. O-O O-O {Predecessor:} 9. Be3 $146 b6 10. Bf2 Nd4 11. Nxd4 cxd4 12. Ne2 e5 13. c3 dxc3 14. Nxc3 Bb7 15. d4 exf4 16. gxf4 Rc8 17. Re1 Kh8 18. d5 Qd7 {1-0 (37) Shanava,K (2524)-Georgiev,K (2644) Konya 2017} 1/2-1/2

[Event "CZE-ch Open 2018"]
[Site "Ostrava"]
[Date "2018.05.06"]
[Round "9"]
[White "Tuma, Jiri"]
[Black "Cerveny, Martin"]
[Result "1/2-1/2"]
[WhiteElo "2296"]
[BlackElo "2379"]
[Annotator "NA"]
[PlyCount "118"]
[EventDate "2018.??.??"]
[EventCountry "CZE"]
[SourceTitle "playchess.com"]
[Source "ChessBase"]
[SourceQuality "1"]
[TimeControl "40/5400+30:900+30"]

1. e4 {[%emt 0:01:42]} c5 {[%emt 0:00:04]} 2. b4 {[%emt 0:00:08]} cxb4 {[%emt 0:00:06]} 3. a3 {[%emt 0:00:09]} d5 {[%emt 0:00:04]} 4. exd5 {[%emt 0:01:12]} Qxd5 {[%emt 0:00:11]} 5. Nf3 {[%emt 0:00:31]} e5 {[%emt 0:00:06]} 6. c4 {[%emt 0:00:44] LiveBook: 16 Games B20: Sicilian: Unusual White 2nd moves} (6. axb4 Bxb4 7. Na3 Nc6 8. Nb5 Qd8 9. c3 Be7 10. d4 exd4 11. Bf4 Kf8 12. Bc4 Bg4 13. O-O a6 14. Nbxd4 Nxd4 15. cxd4 {½-½ (59) Williams,S (2439)-Dragun,K (2564) London 2015}) 6... Qe6 {[%emt 0:00:44]} 7. Bd3 {[%emt 0:01:25]} Nc6 {[%emt 0:01:15]} 8. O-O {[%emt 0:00:47]} Be7 {[%emt 0:03:11]} 9. Re1 {[%emt 0:06:02]} Nf6 {[%emt 0:02:30]} 10. Bb2 {[%emt 0:10:58]} bxa3 $146 {[%emt 0:02:23]} ({Predecessor:} 10... Qd6 $11 11. Qc2 (11. Qb3 O-O 12. Nxe5 Be6 13. axb4 Rfd8 14. Nxc6 bxc6 {½-½ (64) Bobel,P (2293)-Teeriaho,T (2402) ICCF email 2013}) 11... O-O) 11. Nxa3 {[%emt 0:01:39]} O-O {[%emt 0:01:08]} 12. Nxe5 {[%emt 0:06:18]} Bc5 {[%emt 0:14:36]} 13. Nf3 {[%emt 0:11:55]} Qd6 {[%emt 0:01:19]} 14. Bf1 {[%emt 0:03:27]} Bg4 {[%emt 0:02:30]} 15. Nb5 {[%emt 0:09:24]} Qf4 {[%emt 0:04:02]} 16. d4 {[%emt 0:01:55]} Rfd8 {[%emt 0:02:24]} 17. Qc1 {[%emt 0:14:03]} Qxc1 {[%emt 0:04:57]} 18. Rexc1 {[%emt 0:02:28]} Bf8 {[%emt 0:00:37]} 19. d5 {[%emt 0:03:48]} Bxf3 {[%emt 0:03:22]} 20. gxf3 {[%emt 0:01:05]} Ne7 {[%emt 0:00:52]} 21. Nxa7 {[%emt 0:02:30]} Nf5 {[%emt 0:01:07]} 22. Nb5 {[%emt 0:01:14]} Rxa1 {[%emt 0:00:34]} 23. Rxa1 {[%emt 0:01:13]} Nh5 $18 {[%emt 0:00:12]} (23... Bc5 $16 24. Be5 Nh4) 24. Ra7 {[%emt 0:07:25]} b6 {[%emt 0:00:16]} 25. Ba3 {[%emt 0:01:39]} Bxa3 {[%emt 0:02:14]} 26. Rxa3 {[%emt 0:00:25]} Nf4 {[%emt 0:00:24]} 27. Ra6 {[%emt 0:03:37]} h5 {[%emt 0:00:54]} 28. Rxb6 {[%emt 0:02:45]} Re8 {[%emt 0:00:57]} 29. Nd6 {[%emt 0:02:39]} Nxd6 {[%emt 0:01:41]} 30. Rxd6 {[%emt 0:00:02]} h4 {[%emt 0:00:27]} 31. h3 {[%emt 0:00:38]} Re1 {[%emt 0:00:25]} 32. Rd8+ {[%emt 0:00:21]} Kh7 {[%emt 0:00:05]} 33. c5 {[%emt 0:00:49]} Ne2+ {[%emt 0:09:08]} 34. Kg2 {[%emt 0:00:09]} Nf4+ {[%emt 0:00:07]} 35. Kg1 {[%emt 0:00:08]} Ne2+ {[%emt 0:04:56]} 36. Kg2 {[%emt 0:00:05]} Nf4+ {[%emt 0:00:06]} 37. Kg1 {[%emt 0:00:07]} Re5 {[%emt 0:16:32]} 38. c6 {[%emt 0:01:11]} Nxd5 {[%emt 0:00:13]} 39. Rd7 {[%emt 0:01:07]} Nf6 {[%emt 0:00:50]} 40. Bd3+ {[%emt 0:01:43]} Kh6 {[%emt 0:15:26]} 41. Rxf7 {[%emt 0:00:00]} Rc5 {[%emt 0:00:00]} 42. Be4 {[%emt 0:03:13]} Nxe4 {[%emt 0:00:00]} 43. fxe4 {[%emt 0:00:13]} Rxc6 {[%emt 0:00:00]} 44. Kg2 {[%emt 0:01:18]} g5 {[%emt 0:00:00]} 45. Kf3 {[%emt 0:02:31]} Kg6 {[%emt 0:00:00]} 46. Rf8 {[%emt 0:02:18]} Rc1 {[%emt 0:00:00]} 47. Rg8+ {[%emt 0:01:32]} Kf6 {[%emt 0:00:00]} 48. Kg4 {[%emt 0:04:01]} Re1 {[%emt 0:00:00]} 49. Rf8+ {[%emt 0:02:41]} Kg6 {[%emt 0:00:00]} 50. Rg8+ {[%emt 0:00:32]} Kf6 {[%emt 0:00:00]} 51. Rf8+ {[%emt 0:01:20]} Kg6 {[%emt 0:00:00]} 52. Rg8+ {[%emt 0:00:04]} Kf6 {[%emt 0:00:00]} 53. Kh5 {[%emt 0:01:14]} Rxe4 {[%emt 0:00:00]} 54. Rg6+ {[%emt 0:00:36]} Kf7 {[%emt 0:00:00]} 55. Rxg5 {[%emt 0:00:16]} Rf4 {[%emt 0:00:00]} 56. Rg2 {[%emt 0:00:50]} Kf6 {[%emt 0:00:00]} 57. Rg8 {[%emt 0:00:35]} Kf7 {[%emt 0:00:00]} 58. Rg4 {[%emt 0:00:22]} Rxf2 {[%emt 0:00:00]} 59. Kxh4 {[%emt 0:00:07]} Rf3 {[%emt 0:00:00]} 1/2-1/2

[Event "CZE-ch Open 2018"]
[Site "Ostrava"]
[Date "2018.05.06"]
[Round "9"]
[White "Freisler, Pavel"]
[Black "Simek, Petr"]
[Result "1/2-1/2"]
[WhiteElo "2266"]
[BlackElo "2378"]
[Annotator "NA"]
[PlyCount "96"]
[EventDate "2018.??.??"]
[EventCountry "CZE"]
[SourceTitle "playchess.com"]
[Source "ChessBase"]
[SourceQuality "1"]
[TimeControl "40/5400+30:900+30"]

1. Nf3 {[%emt 0:00:00]} d5 {[%emt 0:00:29]} 2. d4 {[%emt 0:01:14]} Nf6 {[%emt 0:00:18]} 3. c4 {[%emt 0:02:07]} e6 {[%emt 0:00:08]} 4. Nc3 {[%emt 0:00:06]} dxc4 {[%emt 0:04:03]} 5. e4 {[%emt 0:01:59]} Bb4 {[%emt 0:00:19]} 6. Bg5 {[%emt 0:00:09]} c5 {[%emt 0:00:19]} 7. Bxc4 {[%emt 0:00:15]} cxd4 {[%emt 0:00:32]} 8. Nxd4 {[%emt 0:02:24]} Bxc3+ {[%emt 0:00:32]} 9. bxc3 {[%emt 0:00:23] LiveBook: 678 Games} Qa5 {[%emt 0:00:07]} 10. Nb5 {[%emt 0:07:51]} a6 {[%emt 0:15:15] D39: Queen's Gambit Declined: Ragozin Defence with 5 Bg5 dxc4} (10... Nxe4 11. Qd4 O-O 12. Qxe4 a6 13. Be7 axb5 14. Bb4 Qc7 15. Bxf8 Kxf8 16. Bb3 Qxc3+ 17. Ke2 Qb2+ 18. Ke3 Qc3+ 19. Ke2 Qb2+ 20. Ke3 Qc3+ 21. Ke2 Qb2+ {½-½ (21) Zhou,J (2613)-Wei,Y (2727) China 2017}) 11. Bxf6 {[%emt 0:03:18]} (11. Nd6+ $11 Ke7 12. Qd2) 11... gxf6 {[%emt 0:01:58]} 12. Nd6+ {[%emt 0:03:29]} Ke7 {[%emt 0:00:13]} 13. O-O {[%emt 0:01:06]} Qc5 $146 {[%emt 0:09:52]} ({Predecessor:} 13... Nc6 14. Bb3 Rd8 15. Nxc8+ Raxc8 16. Qe2 Qxc3 17. Qh5 Qe5 18. Qh4 {0-1 (38) Srivastava,Y (2290)-Crouch,C (2410) Kolkata 1994}) 14. Nxc8+ {[%emt 0:09:01]} Rxc8 {[%emt 0:03:37]} 15. Bb3 {[%emt 0:00:14]} Nc6 {[%emt 0:00:43]} 16. Rc1 $17 {[%emt 0:02:56]} (16. Kh1 $11 {keeps the balance.}) 16... Rd8 {[%emt 0:01:02]} 17. Qe2 {[%emt 0:08:24]} Rd7 {[%emt 0:01:06]} 18. Kh1 {[%emt 0:00:35]} Rad8 {[%emt 0:00:15]} 19. Rc2 {[%emt 0:00:05]} Rd3 {[%emt 0:14:13]} 20. f4 {[%emt 0:19:23]} Qe3 {[%emt 0:13:50]} 21. Qh5 {[%emt 0:09:13]} Qxe4 {[%emt 0:09:37]} 22. Re2 {[%emt 0:00:19]} Qg6 {[%emt 0:05:23]} 23. Qc5+ {[%emt 0:00:08]} R3d6 {[%emt 0:01:00]} 24. f5 {[%emt 0:01:21]} Qg4 {[%emt 0:00:49]} 25. Ree1 {[%emt 0:09:05]} Ne5 {[%emt 0:02:38]} 26. fxe6 {[%emt 0:09:07]} fxe6 {[%emt 0:00:23]} 27. Rxf6 {[%emt 0:00:49]} Kxf6 {[%emt 0:01:06]} 28. Qxe5+ {[%emt 0:00:05]} Ke7 {[%emt 0:00:31]} 29. h3 {[%emt 0:00:07]} Qg6 {[%emt 0:00:45]} 30. Re4 {[%emt 0:00:30]} Rg8 {[%emt 0:03:20]} 31. Re2 {[%emt 0:01:55]} Qf6 {[%emt 0:01:24]} 32. Qe4 {[%emt 0:00:27]} Kd8 {[%emt 0:03:44]} 33. Qxb7 {[%emt 0:04:51]} Qf1+ {[%emt 0:03:37]} 34. Kh2 {[%emt 0:00:01]} Qxe2 {[%emt 0:00:07]} 35. Qb8+ {[%emt 0:00:11]} Ke7 {[%emt 0:00:04]} 36. Qxg8 {[%emt 0:00:05]} Qe5+ {[%emt 0:00:06]} 37. Kg1 {[%emt 0:01:25]} Qe1+ {[%emt 0:00:09]} 38. Kh2 {[%emt 0:00:06]} Qe5+ {[%emt 0:00:03]} 39. Kg1 {[%emt 0:00:03]} h5 {[%emt 0:03:27]} 40. Qh7+ {[%emt 0:01:26]} Kd8 {[%emt 0:15:06]} 41. Qf7 {[%emt 0:17:52]} Rd7 {[%emt 0:00:00]} 42. Qf8+ {[%emt 0:00:00]} Kc7 {[%emt 0:00:00]} 43. Qa8 {[%emt 0:00:00]} Rg7 {[%emt 0:00:00]} 44. Bxe6 {[%emt 0:00:00]} a5 {[%emt 0:00:00]} 45. c4 {[%emt 0:00:00]} Kd6 {[%emt 0:01:32]} 46. Bd5 {[%emt 0:00:00]} Qe1+ {[%emt 0:00:43]} 47. Kh2 {[%emt 0:00:00]} Qg3+ {[%emt 0:00:00]} 48. Kh1 {[%emt 0:00:00]} Qe1+ 1/2-1/2

[Event "CZE-ch Open 2018"]
[Site "Ostrava"]
[Date "2018.05.06"]
[Round "9"]
[White "Jurek, Josef"]
[Black "Vlasak, Lukas"]
[Result "1/2-1/2"]
[WhiteElo "2264"]
[BlackElo "2381"]
[Annotator "TA"]
[PlyCount "38"]
[EventDate "2018.??.??"]
[EventCountry "CZE"]
[SourceTitle "playchess.com"]
[Source "ChessBase"]
[SourceQuality "1"]

{[%evp 22,23,33,19]} 1. d4 d5 2. c4 e6 3. Nc3 Nf6 4. cxd5 exd5 5. Bg5 c6 6. e3 Be7 7. Qc2 Nbd7 8. Bd3 h6 9. Bh4 Nh5 10. Bxe7 Qxe7 11. Nge2 Nb6 12. h3 {LiveBook: 10 Games. D36: Queen's Gambit Declined: Exchange Variation: Main line (5 Bg5 c6 6 Qc2)} (12. O-O O-O 13. Rae1 Be6 14. Nc1 Rad8 15. Nb3 Rfe8 16. Nc5 Bc8 17. b4 Nc4 18. Qe2 Qg5 19. f4 Qh4 20. Bxc4 dxc4 {0-1 (37) Navara,D (2724)-Adams,M (2740) Biel 2015}) {Predecessor:} 12... Nf6 $146 13. O-O-O Be6 14. Kb1 O-O-O 15. Nc1 Rhe8 16. f3 Kb8 17. Nb3 Nc8 18. Rhe1 b6 19. Rc1 Nd6 {½-½ (43) Szczepkowska,K (2406)-Atalik,E (2463) Wroclaw 2017} 1/2-1/2

[Event "CZE-ch Open 2018"]
[Site "Ostrava"]
[Date "2018.05.06"]
[Round "9"]
[White "Belunek, Vladimir"]
[Black "Benes, Miroslav"]
[Result "0-1"]
[WhiteElo "2216"]
[BlackElo "2004"]
[Annotator "NA"]
[PlyCount "61"]
[EventDate "2018.??.??"]
[EventCountry "CZE"]
[SourceTitle "playchess.com"]
[Source "ChessBase"]
[SourceQuality "1"]
[TimeControl "40/5400+30:900+30"]

1. c4 {[%emt 0:00:00]} Nf6 {[%emt 0:00:17]} 2. Nc3 {[%emt 0:00:00]} g6 {[%emt 0:02:13]} 3. d4 {[%emt 0:00:00]} Bg7 {[%emt 0:00:32]} 4. e4 {[%emt 0:00:18]} d6 {[%emt 0:00:06]} 5. Be2 {[%emt 0:00:14]} O-O {[%emt 0:00:11]} 6. Nf3 {[%emt 0:00:30]} c5 {[%emt 0:04:45]} 7. d5 {[%emt 0:01:28]} e6 {[%emt 0:03:32]} 8. O-O {[%emt 0:01:45]} exd5 {[%emt 0:00:05]} 9. cxd5 {[%emt 0:01:19]} Bg4 {[%emt 0:00:12]} 10. Re1 {[%emt 0:08:04] LiveBook: 8 Games} Bxf3 {[%emt 0:04:10]} 11. Bxf3 {[%emt 0:00:10]} Nbd7 {[%emt 0:00:37] A70: Modern Benoni: 6 e4 g6 7 Nf3} 12. Be2 {[%emt 0:07:47]} Re8 {[%emt 0:00:28]} 13. Bf1 $146 {[%emt 0:02:04]} ({Predecessor:} 13. Qc2 a6 14. a4 Qc7 15. a5 Re7 16. Bg5 h6 17. Be3 Rae8 18. f3 Nf8 19. Qd2 {1-0 (39) Fernandes,A (2469)-Maze,S (2364) Lisbon 2002}) 13... a6 {[%emt 0:01:34]} 14. a4 {[%emt 0:00:09]} Nh5 {[%emt 0:02:23]} 15. g4 {[%emt 0:04:40]} Nhf6 $1 {[%emt 0:11:57]} 16. h3 {[%emt 0:00:35]} h5 {[%emt 0:04:19]} 17. g5 {[%emt 0:06:00]} Nh7 {[%emt 0:00:10]} 18. f4 {[%emt 0:00:41]} f6 {[%emt 0:05:35] [#]} 19. h4 $1 {[%emt 0:00:23]} Rf8 {[%emt 0:01:12]} 20. Bh3 {[%emt 0:00:36]} fxg5 {[%emt 0:00:58]} 21. hxg5 {[%emt 0:00:20]} Bd4+ {[%emt 0:00:59]} 22. Kh1 {[%emt 0:01:42]} Qe7 {[%emt 0:07:23] [#]} 23. Qd3 $17 {[%emt 0:06:24]} (23. Be6+ $1 $18 Kh8 24. Ne2) 23... Nxg5 {[%emt 0:04:53]} 24. fxg5 {[%emt 0:04:59]} Ne5 {[%emt 0:00:07]} 25. Qd1 {[%emt 0:00:09]} Rf2 {[%emt 0:05:31]} 26. Re2 {[%emt 0:04:03]} Raf8 {[%emt 0:02:14]} 27. Rxf2 {[%emt 0:08:25]} Rxf2 {[%emt 0:00:30]} 28. Be6+ {[%emt 0:01:37]} Kh8 {[%emt 0:00:42]} 29. Ne2 {[%emt 0:00:55]} Nf3 {[%emt 0:01:49]} 30. Bf4 {[%emt 0:00:16]} Qxg5 {[%emt 0:00:23]} 31. Bg3 0-1

[Event "CZE-ch Open 2018"]
[Site "Ostrava"]
[Date "2018.05.06"]
[Round "9"]
[White "Skalsky, Alexandr"]
[Black "Vokac, Marek"]
[Result "0-1"]
[WhiteElo "2207"]
[BlackElo "2390"]
[Annotator "NA"]
[PlyCount "66"]
[EventDate "2018.??.??"]
[EventCountry "CZE"]
[SourceTitle "playchess.com"]
[Source "ChessBase"]
[SourceQuality "1"]
[TimeControl "40/5400+30:900+30"]

1. e4 {[%emt 0:00:00]} g6 {[%emt 0:00:36]} 2. d4 {[%emt 0:00:00]} Bg7 {[%emt 0:00:14]} 3. Nc3 {[%emt 0:00:13]} c6 {[%emt 0:00:47]} 4. Be3 {[%emt 0:04:02]} d5 {[%emt 0:05:12]} 5. e5 {[%emt 0:00:49]} f6 {[%emt 0:01:42]} 6. f4 $1 {[%emt 0:02:36]} Nh6 {[%emt 0:01:47]} 7. Nf3 {[%emt 0:02:36]} Bg4 {[%emt 0:01:05]} 8. h3 {[%emt 0:00:38]} Bxf3 $1 {[%emt 0:00:49]} 9. Qxf3 {[%emt 0:00:02]} ({Of course not} 9. gxf3 Nf5 $15) 9... O-O {[%emt 0:00:13]} 10. exf6 {[%emt 0:00:40]} exf6 {[%emt 0:01:18]} 11. g4 {[%emt 0:00:30]} f5 {[%emt 0:00:27]} 12. O-O-O {[%emt 0:00:25]} Nd7 {[%emt 0:01:08] LiveBook: 6 Games} 13. Bd3 {[%emt 0:00:48]} Nb6 {[%emt 0:01:06]} 14. Ne2 {[%emt 0:02:23]} Qd7 $16 {[%emt 0:08:03]} 15. g5 {[%emt 0:12:33]} Nf7 {[%emt 0:02:19]} 16. h4 {[%emt 0:00:02]} Nd6 {[%emt 0:00:34]} 17. h5 {[%emt 0:04:46]} Rfe8 {[%emt 0:05:41]} 18. Kb1 {[%emt 0:25:21]} Re6 {[%emt 0:02:11]} 19. Rh2 {[%emt 0:10:21]} Rae8 {[%emt 0:01:17]} 20. Bc1 {[%emt 0:00:01]} Nbc4 {[%emt 0:02:41]} 21. Rdh1 {[%emt 0:01:43]} Ne3 {[%emt 0:10:20]} 22. hxg6 {[%emt 0:04:36]} hxg6 {[%emt 0:03:05]} 23. Rh7 {[%emt 0:05:35]} Ng4 {[%emt 0:00:35]} 24. Qg2 {[%emt 0:14:21]} Qe7 {[%emt 0:01:59]} 25. Ng1 {[%emt 0:00:41]} Ne4 {[%emt 0:04:03]} 26. Nf3 {[%emt 0:02:44]} Nef2 {[%emt 0:01:20]} 27. R1h4 {[%emt 0:01:07]} Nxd3 {[%emt 0:01:20]} 28. cxd3 {[%emt 0:00:01]} Re2 {[%emt 0:00:33]} 29. Qg1 {[%emt 0:03:56]} Qb4 {[%emt 0:12:33]} 30. Ne5 {[%emt 0:00:57]} Re1 {[%emt 0:00:37]} 31. Qg2 {[%emt 0:00:14]} Rxc1+ {[%emt 0:00:22]} 32. Kxc1 {[%emt 0:00:07]} Qe1+ {[%emt 0:00:06]} 33. Kc2 {[%emt 0:00:02]} Ne3+ {[%emt 0:00:12]} 0-1

[Event "CZE-ch Open 2018"]
[Site "Ostrava"]
[Date "2018.05.06"]
[Round "9"]
[White "Stepan, Patrik"]
[Black "Rubes, Jan"]
[Result "0-1"]
[WhiteElo "2207"]
[BlackElo "2337"]
[Annotator "NA"]
[PlyCount "54"]
[EventDate "2018.??.??"]
[EventCountry "CZE"]
[SourceTitle "playchess.com"]
[Source "ChessBase"]
[SourceQuality "1"]
[TimeControl "40/5400+30:900+30"]

1. d4 {[%emt 0:00:00]} Nf6 {[%emt 0:00:10]} 2. c4 {[%emt 0:00:00]} g6 {[%emt 0:00:04]} 3. Nc3 {[%emt 0:00:00]} Bg7 {[%emt 0:00:03]} 4. e4 {[%emt 0:00:00]} d6 {[%emt 0:00:03]} 5. Nf3 {[%emt 0:00:00]} O-O {[%emt 0:00:04]} 6. Be2 {[%emt 0:00:00]} e5 {[%emt 0:00:05]} 7. O-O {[%emt 0:00:00]} Nc6 {[%emt 0:00:02]} 8. d5 {[%emt 0:00:02]} Ne7 {[%emt 0:00:02]} 9. b4 {[%emt 0:00:04]} c6 {[%emt 0:00:03]} 10. a4 {[%emt 0:01:21]} a5 {[%emt 0:00:04] E97: King's Indian: Classical Main Line (6...e5 7 0-0 Nc6): 8 Be3 and 8 d5 Ne7, not 9 Ne1} 11. bxa5 {[%emt 0:06:57] LiveBook: 32 Games} c5 {[%emt 0:00:34]} (11... Qxa5 12. Bd2 {Predecessor:} c5 13. Kh1 (13. Qc2 Qd8 14. Rfb1 Nd7 15. Nb5 Ra6 16. Ra3 h6 17. Qc1 Kh7 18. Nh4 {1-0 (83) Saduakassova,D (2407)-Ezat,M (2490) Doha 2015}) 13... Qd8 14. Ra3 Kh8 15. Ne1 Nd7 16. Nd3 Ng8 17. Qc1 Ra6 18. Rg1 {1-0 (41) Kovalenko,I (2661)-Can,E (2555) Moscow 2015}) 12. Bd2 {[%emt 0:03:34]} Nh5 $146 {[%emt 0:03:52]} 13. Re1 {[%emt 0:07:50]} h6 {[%emt 0:00:12]} 14. Rb1 {[%emt 0:11:36]} Nf4 {[%emt 0:03:47]} 15. Bf1 {[%emt 0:01:00]} g5 {[%emt 0:00:22]} (15... Rxa5 $14 16. g3 Nh5) 16. Bxf4 {[%emt 0:12:23]} exf4 {[%emt 0:01:43]} 17. Nb5 {[%emt 0:05:16]} Ng6 {[%emt 0:00:34]} 18. Rb3 {[%emt 0:04:20]} Rxa5 {[%emt 0:00:31]} 19. Ra3 {[%emt 0:02:23] [#]} g4 $1 {[%emt 0:03:59]} 20. Nd2 {[%emt 0:00:05]} Be5 {[%emt 0:00:13]} 21. f3 {[%emt 0:03:53]} h5 {[%emt 0:05:03]} 22. fxg4 $19 {[%emt 0:04:35]} (22. Nb3 $17 Ra6 23. Qd2) 22... hxg4 {[%emt 0:00:08]} 23. Be2 {[%emt 0:00:20]} f3 {[%emt 0:01:05]} 24. gxf3 {[%emt 0:05:15]} Bxh2+ {[%emt 0:03:39]} 25. Kf2 {[%emt 0:04:00]} g3+ {[%emt 0:01:58]} 26. Ke3 {[%emt 0:00:38]} Qg5+ {[%emt 0:00:14]} 27. Kd3 {[%emt 0:00:06]} g2 {[%emt 0:00:04] Kd4} 0-1

[Event "CZE-ch Open 2018"]
[Site "Ostrava"]
[Date "2018.05.06"]
[Round "9"]
[White "Gnida, Patrik"]
[Black "Mrazek, Lumir"]
[Result "0-1"]
[WhiteElo "2165"]
[BlackElo "2327"]
[Annotator "NA"]
[PlyCount "64"]
[EventDate "2018.??.??"]
[EventCountry "CZE"]
[SourceTitle "playchess.com"]
[Source "ChessBase"]
[SourceQuality "1"]
[TimeControl "40/5400+30:900+30"]

1. c4 {[%emt 0:00:00]} Nf6 {[%emt 0:02:03]} 2. Nc3 {[%emt 0:00:00]} g6 {[%emt 0:00:06]} 3. Nf3 {[%emt 0:00:00]} Bg7 {[%emt 0:00:06]} 4. g3 {[%emt 0:00:00]} O-O {[%emt 0:00:20] A16: English Opening: 1...Nf6 with ...d5} 5. d3 {[%emt 0:00:00]} d5 {[%emt 0:00:22]} 6. cxd5 {[%emt 0:00:00]} Nxd5 {[%emt 0:00:07]} 7. Bd2 {[%emt 0:00:00]} c6 {[%emt 0:01:08]} (7... c5 8. h4 Nc6 9. h5 Nxc3 10. bxc3 c4 11. hxg6 hxg6 12. Qa4 Na5 {1-0 (27) Aronian,L (2801)-Giri,A (2762) Palma de Mallorca 2017}) 8. Qc1 $146 {[%emt 0:00:00]} ({Predecessor:} 8. Bg2 Nd7 9. O-O b6 10. Rc1 Bb7 11. Qb3 e6 12. Bg5 Qb8 13. Nxd5 exd5 14. d4 Re8 15. Rc2 Qd6 16. Rfc1 a5 {0-1 (26) Yilmaz,M (2567)-Odeev,H (2406) Gebze 2013}) 8... Re8 {[%emt 0:15:53]} 9. Bh6 {[%emt 0:00:04]} Bh8 {[%emt 0:00:48]} (9... Bg4 $11) 10. h4 {[%emt 0:00:17]} Nxc3 {[%emt 0:02:17]} 11. bxc3 {[%emt 0:00:06]} Qa5 {[%emt 0:05:44]} 12. Bd2 $1 {[%emt 0:00:11]} Qh5 {[%emt 0:00:39]} (12... Bg4 $11 {remains equal.}) 13. Bg2 {[%emt 0:00:38]} Bg4 {[%emt 0:01:13] [#]} (13... f6 $16 {is a better defense.}) 14. Qb2 $2 {[%emt 0:01:24]} (14. Ng5 $1 $18) 14... Nd7 {[%emt 0:09:28]} 15. Ng5 {[%emt 0:03:05]} Be5 {[%emt 0:06:44]} 16. Qb3 {[%emt 0:07:23]} Rf8 {[%emt 0:14:48]} 17. f3 $2 {[%emt 0:03:50]} (17. d4 $18 Bd6 18. f3 (18. Qxb7 Rab8 $16) 18... Bxg3+ 19. Kd1) 17... Bxg3+ {[%emt 0:01:32]} 18. Kd1 {[%emt 0:00:01]} Bf5 {[%emt 0:00:41]} 19. e4 {[%emt 0:00:22]} Rad8 {[%emt 0:04:58]} 20. Qxb7 {[%emt 0:06:27]} Nc5 {[%emt 0:04:05]} 21. Qxe7 {[%emt 0:00:30]} Nxd3 {[%emt 0:05:15]} 22. exf5 {[%emt 0:02:36]} Nf2+ {[%emt 0:00:38]} 23. Kc2 {[%emt 0:00:01]} Nxh1 $11 {[%emt 0:00:39]} 24. Rxh1 {[%emt 0:02:04]} Bxh4 {[%emt 0:05:51]} 25. Bc1 {[%emt 0:03:09]} h6 {[%emt 0:00:38]} 26. f4 {[%emt 0:09:54]} hxg5 {[%emt 0:03:42]} 27. Bxc6 {[%emt 0:00:02]} Qg4 {[%emt 0:01:30]} 28. fxg6 {[%emt 0:01:02]} fxg6 {[%emt 0:01:40]} 29. fxg5 {[%emt 0:00:44]} Rf2+ {[%emt 0:00:33]} 30. Kb1 {[%emt 0:00:14]} Rb8+ {[%emt 0:00:15]} 31. Bb7 {[%emt 0:01:02]} Qc8 {[%emt 0:02:18]} 32. Ka1 {[%emt 0:00:34]} Qxc3+ {[%emt 0:00:10]} 0-1